000 00861cam a2200229 4500
001 ABS65458
008 020508n2001 000 0 eng u
035 _a(Sirsi) u117886
100 _aLewsley, C.
245 _aLocal authority centres valued on contractor's basis
260 _c2001
490 _aRating and Valuation Reporter
_v 2001, 235-237(3)
520 _aDiscusses "Eastbourne BC and Wealden DC v Allen (VO)" (2001) where two local authority leisure centres were valued by the Lands Tribunal on contractor's basis, rejecting ratepayers' valuation on percentage of receipts.
590 _aABS
650 _aEASTBOURNE BC AND ANOTHER V ALLEN (VO)
650 _aCONTRACTORS BASIS
650 _aRATEPAYERS
650 _aLEISURE CENTRES
650 _aLOCAL AUTHORITIES
690 _aVALUATION AND INVESTMENT APPRAISAL-COMMERCIAL
942 _n0
999 _c70209
_d70209